U2 Singles - Sudden Death - Statistics

General Stats
  • This quiz has been taken 212 times
  • The average score is 11 of 20
Answers on the Grid
Answers color-coded by a green-red scale on the quiz's grid according to % correct below.
All Because Of You
All I Want Is You
Angel Of Harlem
Beautiful Day
Brilliant
City Of Blinding Lights
Desire
Discotheque
Electrical Storm
Elevation
Even Better Than The Last Time
Everlasting Love
Get On Your Boots
Hold Me, Thrill Me, Kiss Me, Kill Me
Magnificent
New Year's Day
New Year's Eve
One Tree Field
Revelation
Sometimes You Can't Make It Together
Staring At The Moon
Stuck In A Moment You Feel You Might Get Into
Sweetest Thing
The Unforgettable Fire
Thunder Storm
The Fly
The Wasp
Vertigo
Walk On
With Or Without You
 
Answer Stats
Answer % Correct
Beautiful Day
91%
Desire
75%
Angel Of Harlem
69%
Elevation
69%
With Or Without You
68%
Vertigo
66%
New Year's Day
65%
City Of Blinding Lights
61%
Discotheque
57%
All I Want Is You
52%
Sweetest Thing
49%
Hold Me, Thrill Me, Kiss Me, Kill Me
45%
The Unforgettable Fire
43%
Walk On
43%
The Fly
42%
Electrical Storm
39%
All Because Of You
38%
Magnificent
34%
Get On Your Boots
33%
Everlasting Love
29%
No matching quizzes found
Score Distribution
Percent of People with Each Score
Percentile by Number Answered
Your Score History
You have not taken this quiz